Score 0/25 Timer 03:00
1 Play Today
Song Word % Correct
The Times They Are a-____Changin'
97%
____ on Heaven's DoorKnockin'
95.2%
____ in the WindBlowin'
95.1%
Simple Twist of ____Fate
94.6%
____ Like a WomanJust
91.6%
If ____ for YouNot
88.6%
____ Ain't Goin' NowhereYou
87.3%
It's All ____ Now, Baby BlueOver
86.4%
It's ____, Ma (I'm Only Bleeding)Alright
83.1%
____ Grain of SandEvery
80.8%
____ the Red SkyUnder
79.4%
Love Minus ____/No LimitZero
77.7%
Leopard-Skin ____-Box HatPill
71.4%
Song Word % Correct
Subterranean ____ BluesHomesick
63.8%
____ Jane ApproximatelyQueen
58.9%
Changing of the ____Guards
55.7%
____ to WoodySong
55.1%
Blind ____ McTellWillie
51.3%
Ballad of a ____ ManThin
50.6%
Meet Me in the ____Morning
49.4%
____ RowDesolation
49%
I Shall be ____Released
46.9%
____ of JohannaVisions
45.8%
The ____ Death of Hattie CarrollLonesome
40.9%
____ WindIdiot
40.7%

Today's Daily Dose

You're not logged in!

Compare scores with friends on all Sporcle quizzes.
OR
Log In

Sporcle TV

Today on Sporcle TV


Watch our educational content, quiz creation guides, and fun videos on Sporcle TV.

Show Comments

Extras

Top Quizzes Today


Score Distribution

Paid Content

Your Account Isn't Verified!

In order to create a playlist on Sporcle, you need to verify the email address you used during registration. Go to your Sporcle Settings to finish the process.

Report this User

Report this user for behavior that violates our Community Guidelines.

Details: